Desigualdades Socioeconomicas: conceitos e problemas de pesquisa /

Uloženo v:
Podrobná bibliografie
Hlavní autor: Cattani, Antonio David
Médium: Text
Témata:
Tagy: Přidat tag
Žádné tagy, Buďte první, kdo vytvoří štítek k tomuto záznamu!

MARC

LEADER 00000 a a2200000 04500
001 18353
003
040
100 |a Cattani, Antonio David  
245 |a Desigualdades Socioeconomicas:   |b conceitos e problemas de pesquisa /  |c Antonio David Cattani 
650 |a DESIGUALDAD SOCIAL  
650 |a POBREZA  
650 |a RIQUEZA  
650 |a TEORIA  
650 |a BRASIL  
773 |g volumen 9, número 18; páginas 74-98  
999 |c 28387  |d 28387